|
|
|
|
| LEADER |
00984nam a2200289 4500 |
| 001 |
DLU180183111 |
| 005 |
##20180116 |
| 040 |
# |
# |
|a DLU
|b vie
|
| 041 |
# |
# |
|a vie
|
| 044 |
# |
# |
|a vn
|
| 100 |
# |
# |
|a Hữu Thỉnh.
|
| 245 |
# |
# |
|a Sự chuyển hóa từ định hướng tư tưởng của nghị quyết 05 đến sức sống trong văn học, nghệ thuật /
|c Hữu Thỉnh.
|
| 653 |
# |
# |
|a Điều kiện nghề nghiệp
|
| 653 |
# |
# |
|a Cảm hứng sáng tạo
|
| 653 |
# |
# |
|a Người nghệ sĩ
|
| 653 |
# |
# |
|a Nghị quyết 05 của Đảng
|
| 653 |
# |
# |
|a Tài năng nghệ thuật
|
| 653 |
# |
# |
|a Văn học, nghệ thuật
|
| 773 |
# |
# |
|t Tạp chí Lý luận, phê bình văn học, nghệ thuật
|g Số 18, 2014, tr. 7-9
|
| 920 |
# |
# |
|a Phòng Tạp chí --Trung tâm Thông tin - Thư viện Trường Đại học Đà Lạt
|
| 900 |
# |
# |
|a True
|
| 911 |
# |
# |
|a Lê Thị Hồng
|
| 925 |
# |
# |
|a G
|
| 926 |
# |
# |
|a A
|
| 927 |
# |
# |
|a BB
|
| 980 |
# |
# |
|a Thư viện Trường Đại học Đà Lạt
|